XXVI Congreso del Partido Comunista de la Unión Soviética (Record no. 46647)

MARC details
000 -LEADER
campo de control de longitud fija 00755nam a2200205 i 4500
001 - NÚMERO DE CONTROL
campo de control 46647
003 - IDENTIFICADOR DE NÚMERO DE CONTROL
campo de control ES-MaACL
005 - FECHA Y HORA DE LA ÚLTIMA TRANSACCIÓN
campo de control 20230906161425.0
007 - CAMPO FIJO DE DESCRIPCIÓN FÍSICA--INFORMACIÓN GENERAL
campo de control de longitud fija t|
008 - DATOS DE LONGITUD FIJA--INFORMACIÓN GENERAL
campo de control de longitud fija 030331s1981 sp ||||1| spa d
111 2# - ENTRADA PRINCIPAL--NOMBRE DE CONGRESO/REUNIÓN
Nombre de congreso/reunión o jurisdicción como elemento de entrada Congreso del Partido Comunista de la Unión Soviética (
Número del congreso/reunión o número de parte o sección 26º.
Fecha del congreso o de la firma del tratado 1981.
Sede del congreso/Lugar de la reunión Moscú)
9 (RLIN) 344
245 10 - MENCIÓN DEL TÍTULO
Título XXVI Congreso del Partido Comunista de la Unión Soviética
Resto del título : Moscú, 1981 /
Mención de responsabilidad, etc. [informe presentado por L. I. Brezhnev].
260 ## - PUBLICACIÓN, DISTRIBUCIÓN, ETC.
Lugar de publicación, distribución, etc. [S.l. :
Nombre del editor, distribuidor, etc. s.n.],
Fecha de publicación, distribución, etc. 1981.
300 ## - DESCRIPCIÓN FÍSICA
Extensión 244 p. ;
Dimensiones 20 cm.
490 1# - MENCIÓN DE SERIE
Mención de serie Boletín de información. Edición especial
700 1# - ENTRADA AGREGADA--NOMBRE PERSONAL
Nombre de persona Brezhnev, Leónidas I.
9 (RLIN) 31664
830 0# - PUNTO DE ACCESO ADICIONAL DE SERIE-TÍTULO UNIFORME
Título uniforme Boletín de información. Edición especial
9 (RLIN) 229987
852 ## - LOCALIZACIÓN
Ubicación ES-MaACL
Número de control de estantería L-1025
Sublocalización o colección R.101462
Holdings
Estatus retirado Estado de pérdida Estado de daño No para préstamo Biblioteca de origen Biblioteca actual Ubicación en estantería Fecha de adquisición Fuente de adquisición Total de préstamos Signatura topográfica completa Código de barras Visto por última vez Precio de reemplazo Tipo de ítem Koha
        Biblioteca del Ateneo de Madrid Biblioteca del Ateneo de Madrid Depósito 2 17/01/2008     L-1025 1049063 23/02/2023 23/02/2023 Libro impreso